Family herds (Record no. 267279)

MARC details
000 -LEADER
fixed length control field 00751nam a2200241Ia 4500
003 - CONTROL NUMBER IDENTIFIER
control field OSt
005 - DATE AND TIME OF LATEST TRANSACTION
control field 20220918220101.0
008 - FIXED-LENGTH DATA ELEMENTS--GENERAL INFORMATION
fixed length control field 220917b |||||||| |||| 00| 0 eng d
037 ## - SOURCE OF ACQUISITION
Terms of availability Textual
040 ## - CATALOGING SOURCE
Original cataloging agency ARTS
Transcribing agency ARTS
Language of cataloging eng
041 ## - LANGUAGE CODE
Source of code eng
Language code of text/sound track or separate title eng
100 ## - MAIN ENTRY--PERSONAL NAME
Personal name Gullivers P H
9 (RLIN) 136432
245 #0 - TITLE STATEMENT
Title Family herds
Remainder of title Study of two pastoral tribes in east Africa the Jie and turkana
260 ## - PUBLICATION, DISTRIBUTION, ETC.
Place of publication, distribution, etc. NA
Name of publisher, distributor, etc. NA
Date of publication, distribution, etc. 1955
490 ## - SERIES STATEMENT
Series statement International library of sociology and Social reconstrcution ed by W J H Sprott
650 ## - SUBJECT ADDED ENTRY--TOPICAL TERM
Topical term or geographic name entry element SOCIOLOGY
942 ## - ADDED ENTRY ELEMENTS (KOHA)
Classification part Y172:3:687, J5(906);3
Koha item type Textual
Source of classification or shelving scheme Colon Classification (CC)
Holdings
Withdrawn status Lost status Damaged status Not for loan Home library Current library Date acquired Total Checkouts Full call number Barcode Date last seen Price effective from Koha item type
        Arts Library Arts Library 2022-09-18   Y172:3:687 J5(906);3 AL0088571 2022-09-18 2022-09-18 Textual
Copyright @ Delhi University Library System